00504 2200181 4500001002100000005001500021035002000036008004100056245006500097100001900162260004700181300001300228020002200241084001400263082000800277650001800285990001900303INLIS00000000000149620240822024940 a0010-0724001496240822 1 ind 12aA Perfect Scandal :bSkandal Yang Sempurna /cTina Gabrielle aTina Gabrielle aJakarta :bPT Elex Media Komputindo,c2010 a381 hlm. a978-602-00-1071-7 a823 GAB a a823 4aFiksi Inggris aP29/CP/24/1496